Implementor's manual for personnel administration (Record no. 46450)

MARC details
000 -LEADER
fixed length control field 00548nam a2200145 a 4500
008 - FIXED-LENGTH DATA ELEMENTS--GENERAL INFORMATION
fixed length control field 120416s1977 ||||||||||||||||| || u
050 ## - LIBRARY OF CONGRESS CALL NUMBER
Classification number HF 5549 Bea
100 ## - MAIN ENTRY--PERSONAL NAME
Personal name Beatty, Richard W
245 10 - TITLE STATEMENT
Title Implementor's manual for personnel administration
246 ## - VARYING FORM OF TITLE
Title proper/short title an experiential/skill-building approach
260 ## - PUBLICATION, DISTRIBUTION, ETC.
Place of publication, distribution, etc. Reading, Mass.
Name of publisher, distributor, etc. Addison-Wesley
Date of publication, distribution, etc. 1977
300 ## - PHYSICAL DESCRIPTION
Extent 325p. : ill.
350 ## - PRICE (NR) (BK AM CF MU VM SE) [OBSOLETE]
Price 0.00
995 ## - RECOMMENDATION 995 [LOCAL, UNIMARC FRANCE]
-- 0.00
-- CBU-MAIN LIBRARY (Kitwe)
-- 1
-- 0.00
-- 1
-- DAMAGED
-- Main Library Open Access Collection
Holdings
Withdrawn status Lost status Source of classification or shelving scheme Damaged status Not for loan Home library Current library Shelving location Date acquired Total Checkouts Full call number Barcode Date last seen Price effective from Koha item type
          CBU-MAIN LIBRARY, KITWE. CBU-MAIN LIBRARY, KITWE.   11/30/2022   HF 5549 Bea 006105 11/30/2022 11/30/2022 MONOGRAPH